00786nab a2200229uuc4500001000800000005001700008008004100025035001200066035002100078040001300099041000800112100003100120245009600151650002700247650002100274650003100295650001800326650002500344650002700369650003000396773013000426106254720240905091027.0080118e20070210 spa  a1062547 a(OCoLC)820382633 ccomduadb aspa10aGiblin, Beatrice4auteaut10a¿Fractura social o fractura nacional? La violencias urbanas del otoño de 2005 en francia aInmigrantes en Francia aPeriferia urbana aViolencia urbana - Francia aCrisis social aJuventud y violencia 7aMovilidad social2lemb 7aMujeres inmigrantes2lemb0 tPasajes : Revista de Pensamiento Contemporáneo (España)gNúmero 23, Primavera 2007, p. 17-31w811623x1575-22590285881